000
00326nam a2200133Ia 4500
005
20251222155120.0
008
251222s9999||||xx |||||||||||||| ||spa||
082
_a
EST. 04
100
_a
I.N.Estadisticas,
245
0
_a
Guia para el Instructor de Registro Civil Estad.
250
_a
1ra. ed.
264
_b
INEI
942
_c
LIB
999
_c
38412
_d
38412